Đổi mới, tăng cường thành phần kinh tế nhà nước: Lý luận, chính sách và giải pháp

Gorde:
Xehetasun bibliografikoak
Egile nagusia: Vũ Đình Bách
Formatua: Liburua
Hizkuntza:Undetermined
Argitaratua: H. CTQG 2001
Gaiak:
Etiketak: Etiketa erantsi
Etiketarik gabe, Izan zaitez lehena erregistro honi etiketa jartzen!
Thư viện lưu trữ: Trung tâm Học liệu Trường Đại học Cần Thơ
LEADER 00647nam a2200205Ia 4500
001 CTU_44213
008 210402s9999 xx 000 0 und d
020 |b 23.000đ 
082 |a 338.9597 
082 |b B102 
100 |a Vũ Đình Bách 
245 0 |a Đổi mới, tăng cường thành phần kinh tế nhà nước: Lý luận, chính sách và giải pháp 
245 0 |c Vũ Đình Bách 
260 |a H. 
260 |b CTQG 
260 |c 2001 
650 |a vietnam 
650 |x developing countries,economic conditions 
904 |i Minh, 011026 
980 |a Trung tâm Học liệu Trường Đại học Cần Thơ